Statistiques concernant Univers Lego Ninjago: Skales

Cliquez ici pour prendre le quiz!

Statistiques générales

  • Ce quiz a été pris 85 fois
  • Le résultat moyen est 6 sur 10

Statistiques - réponses

QuestionsRéponses% Correct
Couleur de la peauBleu / Jaune
100%
Couleur des yeuxRouge
97%
Saison d'arrivéeLa menace des serpents
89%
RaceSerpent
77%
FilsSkales junior
72%
GradeGénéral / Guerrier / Roi des serpents
61%
TribuHypnobrai
59%
Lieu d'arrivéeTombeau des hypnobrais
59%
GénéralSlythraa
10%
FemmeSelma
6%

Distribution des résultats

Percentile par nombre de réponses

% des personnes avec chaque résultat

Votre développement - résultats

Vous n’avez pas pris ce quiz